00868nam a2200205 a 450000100100000000500170001000800410002704000250006808200190009310000350011224500480014726000500019530000220024565000280026765000310029504900090032695201870033595201230052299900170064500001752220240412074247.0100326s1908 dr 000 p spa d aDO-SdBNPbspacBNPHU aRD861.4bL864m1 aLópez, Rafael María93826610aMariano y Emilia /cRafael María López. aSanto Domingo :bJ. R., Vda. García,c1908. a[20 p.] ;c20 cm. 0aPoesía dominicana966 0aLiteratura dominicana.967 aBNPD 001050718RVaPDbPDcHDd2010-03-26iLF1l0oRD861.4 L864mp17522-10r2020-06-25w2020-06-25y1zPerteneció a la biblioteca personal de Carlos Larrazábal Blanco.ZNo se presta 001150718RVaPDbPDcMId2011-07-18iLF1l0oRD861.4 L864mp17522-20r2020-06-25te. 2w2020-06-25y1ZNo se presta c17047d17047